Educación y cultura letrada en la conformación de la nación durante el Siglo XIX en Chile : educación y cultura letrada en la conformación de la nación /

Esta reflexión tiene por propósito indagar sobre la relación entre educación, cultura letrada y construcción de la Nación durante la primera mitad del Siglo XIX. En el período a reflexionar se encuentra el hito histórico de la instalación de un sistema de educación nacional a través de la fundación...

Descripción completa

Detalles Bibliográficos
Autor principal: Espinoza E., Juan Pablo
Formato: Analitica de revista
Lenguaje:español
Publicado: Santiago, Chile UMCE 2013
Materias:

MARC

LEADER 00000cab a2200000 a 4500
001 033129
003 UAHC_CL
005 20170803123611.0
008 161124b2013 cl 000 spa
040 |a UAHC_CL  |c UAHC_CL  |d UAHC_CL 
100 1 |a Espinoza E., Juan Pablo 
245 1 0 |a Educación y cultura letrada en la conformación de la nación durante el Siglo XIX en Chile :  |b educación y cultura letrada en la conformación de la nación /  |c Juan Pablo Espinoza E. 
260 |b UMCE  |a Santiago, Chile  |c 2013 
300 |a p.35-49 
500 |a En: Extramuros: revista de la Universidad Metropolitana de Ciencias de la Educación. Año 2013. pp. 35-49. ISSN: 07180500. 
500 |a En: Extramuros: revista de la Universidad Metropolitana de Ciencias de la Educación. Año 2013. pp. 35-49. ISSN: 07180500. 
520 |a Esta reflexión tiene por propósito indagar sobre la relación entre educación, cultura letrada y construcción de la Nación durante la primera mitad del Siglo XIX. En el período a reflexionar se encuentra el hito histórico de la instalación de un sistema de educación nacional a través de la fundación de la Universidad de Chile. 
520 |a Esta reflexión tiene por propósito indagar sobre la relación entre educación, cultura letrada y construcción de la Nación durante la primera mitad del Siglo XIX. En el período a reflexionar se encuentra el hito histórico de la instalación de un sistema de educación nacional a través de la fundación de la Universidad de Chile. 
650 4 |a EDUCACION 
651 4 |a CHILE  |y SIGLO 19 
759 |a PP073 
773 0 |t Extramuros : revista de la Universidad Metropolitana de Ciencias de la Educación  |w 033143 
900 |a EXTRAMUROS-2013 
942 |c REVA 
952 |0 0  |1 0  |4 0  |6 EXTRAMUROS_2013  |7 0  |8 General  |9 63620  |a BC  |b BC  |c General  |d 2017-08-03  |l 0  |o EXTRAMUROS-2013  |p FICTICIO17604  |r 2019-01-08 00:00:00  |t 1  |w 2017-08-03  |y REVA 
999 |c 33129  |d 33129